Guess the Anime - from picture - Statistics

General Stats
  • This quiz has been taken 483 times
    467 since last reset
  • The average score is 97 of 275
Answer Stats
Picture Answer % Correct
Hunter × Hunter
96%
Naruto
85%
Dr. Stone
84%
Jujutsu Kaisen
84%
Pokémon
84%
Death Note
82%
Bleach
81%
Demon Slayer
81%
My Hero Academia
81%
Attack on Titan
79%
Mob Psycho 100
79%
One Piece
79%
Dragon Ball
78%
One Punch Man
77%
Bishoujo Senshi Sailor Moon
76%
Tokyo Ghoul
75%
Haikyuu!!
74%
Black Clover
73%
Spy x Family
73%
Assassination Classroom
72%
Re:Zero
71%
JoJo
70%
Chainsaw Man
69%
Baki
68%
Blue Lock
68%
Fairy Tail
68%
Fullmetal Alchemist: Brotherhood
68%
Rascal Does Not Dream of Bunny Girl Senpai
67%
Your Name
66%
Kaguya-sama: Love is War
65%
Mashle: Magic and Muscles
65%
Silent Voice
65%
Tokyo Revengers
65%
Vinland Saga
65%
Cowboy Bebop
64%
Detective Conan
64%
Frieren: Beyond Journey's End
64%
Hajime no Ippo
64%
InuYasha
64%
Seven Deadly Sins
64%
Yu☆Gi☆Oh!
64%
Classroom of the Elite
63%
Code Geass: Lelouch of the Rebellion
63%
Gintama
63%
Neon Genesis Evangelion
63%
Soul Eater
63%
Violet Evergarden
63%
Your Lie in April
63%
My Neighbour Totoro
62%
The Promised Neverland
62%
Toradora!
62%
Berserk
60%
Spirited Away
60%
Erased
59%
Komi Can't Communicate
59%
Steins;Gate
59%
Beastars
58%
Digimon
58%
Kuroko's Basketball
58%
Monster
58%
Banana Fish
57%
Fire Force
56%
Akame ga Kill
55%
Cyberpunk: Edgerunners
55%
Kakegurui
55%
Kono Subarashii Sekai ni Shukufuku wo!
54%
Darling in the FranXX
53%
No Game No Life
53%
Sword Art Online
53%
Slam Dunk
52%
Blue Exorcist
51%
Charlotte
51%
Food Wars
51%
Jigokuraku
51%
Astro Boy
50%
Black Butler
50%
Death Parade
50%
Nana
50%
Noragami
50%
Overlord
50%
Ponyo
50%
Suzume's Door-Locking
50%
Horimiya
49%
Howl's Moving Castle
49%
Maid Sama!
49%
Seraph of the End
49%
Fate/Zero
48%
Fruits Basket
48%
Made in Abyss
48%
Highschool DxD
47%
K-On!
47%
My Star
47%
Princess Mononoke
47%
Yuri!!! on Ice
47%
Hellsing
46%
Rent-a-Girlfriend
46%
Bungou Stray Dogs
45%
Danganronpa
45%
Mushoku Tensei
45%
Akira
44%
Miss Kobayashi's Dragon Maid
44%
Zom 100
44%
Another
43%
Clannad
43%
Doraemon
43%
Kill la Kill
43%
Prison School
43%
Angel Beats!
42%
Trigun
42%
Bocchi the Rock!
41%
Devilman: Crybaby
41%
Dororo
40%
Free!
40%
Samurai Champloo
39%
To Your Eternity
39%
Black Lagoon
38%
The Quintessential Quintuplets
38%
Tower of God
38%
Ano Hi Mita Hana no Namae wo Bokutachi wa Mada Shiranai.
37%
Apothecary Diaries
36%
Don't Toy with Me, Miss Nagatoro
36%
Goblin Slayer
36%
Great Teacher Onizuka
36%
Highschool of the Dead
36%
Magi
36%
Mahou Shoujo Madoka★Magica
36%
Psycho-Pass
36%
86 Eighty-Six
35%
Beyblade
35%
Elfen Lied
35%
The God of High School
35%
Blue Period
34%
Kiki's Delivery Service
34%
Weathering With You
34%
Saga of Tanya the Evil
33%
That Time I Got Reincarnated as a Slime
33%
Grand Blue
32%
Grave of the Fireflies
32%
Gurren Lagann
32%
Kaiju No.8
32%
Serial Experiments Lain
32%
Delicious in Dungeon
31%
Hyouka
31%
Kimi ni Todoke: From Me to You
31%
Kingdom
31%
My Little Monster
31%
Golden Time
30%
Wonder Egg Priority
30%
Nisekoi: False Love
29%
Fist of the North Star
28%
Initial D
28%
Love, Chunibyo & Other Delusions!
28%
Mobile Suit Gundam
28%
Mirai Nikki
27%
Perfect Blue
27%
Bakugan
26%
Deadman Wonderland
26%
Domestic Girlfriend
26%
Odd Taxi
26%
91 Days
25%
Blue Spring Ride
25%
Haven't You Heard? I'm Sakamoto
25%
ReLIFE
25%
Plastic Memories
24%
Terror in Resonance
24%
The Ancient Magus' Bride
24%
Dorohedoro
23%
Ghost in the Shell
23%
Lupin III
23%
Nichijou
23%
Shield Hero
23%
The Garden of Words
23%
Captain Tsubasa
22%
The Dangers in My Heart
22%
5 Centimeters per Second
21%
A Certain Magical Index
21%
Ping Pong the Animation
21%
Redo of Healer
21%
Wolf Children
21%
Ao Ashi
20%
Edens Zero
20%
Monogatari
20%
Paprika
20%
Saint Seiya
20%
Welcome to the N.H.K.
20%
Cardcaptor Sakura
19%
Crayon Shin-chan
19%
Guilty Crown
19%
Heavenly Delusion
19%
Mushishi
19%
The Girl Who Leapt Through Time
19%
The Melancholy of Haruhi Suzumiya
19%
The Wind Rises
19%
Whisper of the Heart
19%
Yamada-kun and the Seven Witches
19%
Date A Live
18%
March Comes In Like a Lion
18%
Nausicaä of the Valley of the Wind
18%
The Tale of the Princess Kaguya
18%
Eromanga-sensei
17%
Log Horizon
17%
Tottoko Hamtarou
17%
Blood Blockade Battlefront
16%
Samurai X
16%
Bobobo-bo Bo-bobo
15%
Daily Lives of High School Boys
15%
Moomin
15%
When Marnie Was There
15%
Ajin
14%
Durarara!!
14%
Masamune-kun's Revenge
14%
Scum's Wish
14%
Sound! Euphonium
14%
The Secret World of Arrietty
14%
Baccano!
13%
Beyond the Boundary
13%
Castle in the Sky
13%
FLCL
13%
Kiznaiver
13%
Natsume's Book of Friends
13%
Trinity Seven
13%
Blood Lad
12%
Btooom!
12%
D.Gray-man
12%
K
12%
Speed Racer
12%
Accel World
11%
Higurashi: When They Cry
11%
Ore no Imouto ga Konnani Kawaii Wake ga Nai
11%
Black Bullet
10%
High Score Girl
10%
How Not to Summon a Demon Lord
10%
Kokoro Connect
10%
Legend of the Galactic Heroes
10%
Tomorrow's Joe
10%
City Hunter
9%
From Up on Poppy Hill
9%
Grimgar: Ashes and Illusions
9%
High Card
9%
The Pet Girl of Sakurasou
9%
Barakamon
8%
Darker than Black
8%
Haganai: I don't have many friends
8%
Kabaneri of the Iron Fortress
8%
Ranma ½
8%
Yuu☆Yuu☆Hakusho
8%
Heidi: Girl of the Alps
7%
Zatch Bell!
7%
Blue Giant
6%
Sand Land
6%
From the New World
5%
Golgo 13
5%
Nobody's Boy Remi
5%
SHIMONETA: A Boring World Where the Concept of Dirty Jokes Doesn't Exist
5%
Hikaru no Go
4%
Kinnikuman
4%
Macross
4%
Monster Musume: Everyday Life with Monster Girls
4%
Touch
4%
Blue Gender
3%
Deaimon: Recipe for Happiness
3%
Green Green
3%
Into the Forest of Fireflies' Light
3%
Kochira Katsushikaku Kameari Kouenmae Hashutsujo
3%
UFO Robo Grendizer
3%
Zoids
3%
Ginga Densetsu Weed
2%
Michiko & Hatchin
2%
Perman
2%
Blue Legend Shoot!
1%
Ceres: Celestial Legend
1%
Ninja Hattori-kun
1%
Oishinbo
1%
Sangokushi
1%
The File of Young Kindaichi
1%
No matching quizzes found
Score Distribution
Percent of People with Each Score
Percentile by Number Answered
Your Score History
You have not taken this quiz since the last reset